| 000 | 00702nam a2200229 a 4500 | ||
|---|---|---|---|
| 005 | 20220916063602.0 | ||
| 008 | 140521s2006 mx r 000 0 spa d | ||
| 020 | _a9972214869 | ||
| 035 | _aUPN01000197393 | ||
| 049 | _aI | ||
| 050 | 4 |
_aPZ76.3 _bP3.34 |
|
| 100 | 1 |
_aPaz, Andrea _935815 |
|
| 245 | 1 | 0 |
_aChimoc : _bel perro calato / _cAndrea y Claudia Paz. |
| 260 |
_aLima : _bNorma, _c2006. |
||
| 300 |
_a31 p. : _bil. col. + _e1 CD-ROM ; 4 3/4 plg. |
||
| 500 | _aSolicita el CD-ROM en el mostrador de préstamo | ||
| 650 | 0 |
_aAnimales _vCuentos y leyendas _9234 |
|
| 650 | 7 |
_aLibros ilustrados para niños _2 _921365 |
|
| 700 | 1 |
_aPaz, Claudia, _ecoaut. |
|
| 905 | _aInfantil | ||
| 999 |
_c169494 _d169494 |
||